000 00463nam a2200193Ia 4500
005 20240823030718.0
008 240823s9999||||xx |||||||||||||| ||und||
020 _a978-81-8489-845-3
041 _aENGLISH
082 _A671.35 Q1
100 _aMcGeough J A
245 0 _aAdvanced Methods of Machining
250 _a1st
260 _c2011
_bSpringer International Ed
500 _aYES
650 _aMachining
_bMechanical
942 _cBK
999 _c189352
_d189352